[Event "6th Gora Sw Anny OpA"]
[Site "Gora Swietej Anny POL"]
[Date "2013.01.27"]
[Round "3.3"]
[White "Kveinys,A"]
[Black "Nasuta,G"]
[Result "1/2-1/2"]
[WhiteElo "2527"]
[BlackElo "2270"]

1.d4 Nf6 2.Bg5 d5 3.Bxf6 exf6 4.e3 Bd6 5.g3 O-O 6.Bg2 c6 7.Ne2 Nd7 8.O-O f5
9.Nd2 Nf6 10.c4 dxc4 11.Nxc4 Bc7 12.Qc2 g6 13.Nd2 Be6 14.Nb3 Bd5 15.Nc5 Rb8
16.b4 h5 17.Bxd5 Qxd5 18.Nc3 Qd6 19.Rad1 Kg7 20.h4 Rfe8 21.Rfe1 Ng4 22.e4 fxe4
23.Rxe4 Rxe4 24.N3xe4 Qd5 25.Ng5 Re8 26.Qb3 Re2 27.Qxd5 cxd5 28.Rc1 Bb6 29.a4 Rxf2
30.a5 Bxc5 31.Rxc5 Rb2 32.Rb5 Rb1+ 33.Kg2 Rb2+ 34.Kf1 Ne3+ 35.Kg1 b6 36.axb6 axb6
37.Rxb6 Nc2 38.Rb7 Rxb4 39.Rxf7+ Kg8 40.Rf6 Kg7 41.Rf4 Ne3 42.Ne6+ Kg8 43.Rf8+ Kh7
44.Rf7+ Kh8 45.Nf4 Kg8 46.Rd7 Rxd4 47.Nxg6 Ng4 48.Nf4 Rd1+ 49.Kg2 Rd2+  1/2-1/2

[Event "18th HIT Open A 2013"]
[Site "Nova Gorica SLO"]
[Date "2013.01.28"]
[Round "6.12"]
[White "Zuttioni,F"]
[Black "Kosmac,B"]
[Result "0-1"]
[WhiteElo "2006"]
[BlackElo "2204"]

1.d4 Nf6 2.Bg5 d5 3.e3 g6 4.Bxf6 exf6 5.c4 dxc4 6.Bxc4 Bd6 7.Nc3 O-O 8.Nge2 f5
9.h4 Nd7 10.h5 c6 11.hxg6 hxg6 12.Qd2 Nb6 13.Bb3 Qg5 14.O-O-O Kg7 15.Nf4 Bd7
16.Rh3 Rh8 17.Nce2 Rxh3 18.gxh3 Re8 19.Rg1 Qh4 20.Rg2 Nd5 21.Bxd5 cxd5 22.Qa5 Rc8+
23.Kd1 Bc6 24.Qxa7 Qe7 25.Qb6 Qe4 26.Qb3 Qb1+ 27.Kd2 Ba4 28.Qxa4 Qxb2+ 29.Kd3 Qb1+
30.Kd2 Bb4+  0-1

[Event "11th Gibraltar Masters"]
[Site "Caleta ENG"]
[Date "2013.01.29"]
[Round "8.51"]
[White "Meyer,Kai"]
[Black "Milliet,S"]
[Result "0-1"]
[WhiteElo "2177"]
[BlackElo "2403"]

1.d4 Nf6 2.Bg5 d5 3.Bxf6 exf6 4.e3 Bd6 5.g3 c6 6.Bg2 Nd7 7.Qd3 f5 8.Ne2 Nf6
9.c4 dxc4 10.Qxc4 O-O 11.O-O Be6 12.Qc2 g6 13.Nbc3 h5 14.Nf4 Bxf4 15.gxf4 Bd5
16.Nxd5 cxd5 17.Rfc1 Rc8 18.Qb3 Qd7 19.a4 Rc6 20.Rc3 Rxc3 21.bxc3 Rc8 22.h3 Rc7
23.a5 Qe6 24.Kh2 Kg7 25.Rb1 Kh7 26.Qa2 Qd7 27.Qa3 Kg7 28.Rb4 Qc8 29.Qb2 h4
30.Rb5 Rxc3 31.Rxb7 Rc2 32.Qb4 Rxf2 33.Rb8 Rxg2+ 34.Kxg2 Qc2+ 35.Kf1 Qd1+
36.Qe1 Qf3+ 37.Qf2 Qxh3+ 38.Ke2 Ne4 39.Qg1 Ng3+ 40.Kd3 Qg4 41.Rb2 Qf3 42.Qg2 Qd1+
43.Qd2 Qf1+ 44.Kc2 h3 45.Kb3 Qc4+ 46.Ka3 Nf1 47.Qe1 h2 48.Qh4 Qc3+ 49.Ka2 Nd2  0-1

[Event "18th HIT Open A 2013"]
[Site "Nova Gorica SLO"]
[Date "2013.01.30"]
[Round "8.3"]
[White "Milenkovic,Ml"]
[Black "Tomazini,Z"]
[Result "0-1"]
[WhiteElo "2393"]
[BlackElo "2356"]

1.d4 Nf6 2.Bg5 c5 3.dxc5 Qa5+ 4.Qd2 Qxc5 5.Nc3 d6 6.e4 a6 7.f3 Nbd7 8.g4 Ne5
9.Be3 Nc4 10.Bxc4 Qxc4 11.g5 Nd7 12.O-O-O b5 13.Kb1 Bb7 14.Nge2 Rc8 15.Nc1 b4
16.Nd5 a5 17.Nb6 Nxb6 18.Bxb6 Qb5 19.Bd4 e6 20.h4 d5 21.exd5 Bxd5 22.Rh3 Rg8
23.h5 Bc5 24.Qe3 Bxd4 25.Rxd4 a4 26.Rh2 Ke7 27.Rhd2 Rgd8 28.Qd3 Qb6 29.a3 Rc3
30.bxc3 bxc3+ 31.Rb4 Qxb4+ 32.axb4 cxd2 33.Kb2 a3+ 34.Qxa3 d1=Q 35.b5+ Ke8
36.Qc3 Bxf3 37.Nb3 Bd5 38.h6 gxh6 39.Nc5 hxg5 40.Qg7 Qd2 41.Nd3 Be4  0-1

[Event "18th HIT Open A 2013"]
[Site "Nova Gorica SLO"]
[Date "2013.01.30"]
[Round "8.10"]
[White "Suc,T"]
[Black "Jelen,Ig"]
[Result "1/2-1/2"]
[WhiteElo "2116"]
[BlackElo "2375"]

1.d4 Nf6 2.Bg5 d5 3.Bxf6 gxf6 4.c4 c5 5.cxd5 Qxd5 6.Nf3 cxd4 7.Nc3 Qa5 8.Nxd4 Bg7
9.e3 Bd7 10.Bb5 Nc6 11.O-O Rd8 12.Qf3 Nxd4 13.Bxd7+ Rxd7 14.exd4 O-O 15.d5 Rfd8
16.Rfe1 f5 17.Qxf5 e6 18.Qg4 exd5 19.Rad1 Kf8 20.Qf5 Bxc3 21.bxc3 Qxc3 22.Qxh7 Qg7
23.Qf5 Qg6 24.Qe5 Qg7 25.Qf5 Rd6 26.Rd3 Qg6 27.Qf3 Re8 28.Rxe8+ Kxe8 29.g3 d4
30.h4 b5 31.h5 Qe6 32.Qf4 Qd5 33.h6 Kf8 34.g4 Kg8 35.g5 Rg6 36.Rg3 Qd6 37.h7+ Kg7
38.h8=Q+ Kxh8 39.Qxf7 Qe6 40.Qf3 Kg7 41.Qb7+ Kg8 42.Qxb5 Qe1+ 43.Qf1 Qe6
44.Qd1 Qe4 45.Qb3+ Kg7 46.Qb2 Rb6 47.Rb3 Qg4+ 48.Kf1 Qd1+ 49.Kg2 Qg4+ 50.Kf1 Qd1+
51.Kg2 Qg4+  1/2-1/2

[Event "18th HIT Open A 2013"]
[Site "Nova Gorica SLO"]
[Date "2013.01.30"]
[Round "9.19"]
[White "Petrovic,Mark"]
[Black "Zamar Kodelja,Jurij"]
[Result "0-1"]
[WhiteElo "1949"]
[BlackElo "1783"]

1.d4 Nf6 2.Bg5 c5 3.Bxf6 exf6 4.d5 d6 5.e4 g6 6.Bb5+ Nd7 7.Ne2 Bg7 8.c3 a6
9.Ba4 O-O 10.O-O b5 11.Bc2 Ne5 12.Nd2 Rb8 13.f4 Ng4 14.Rf3 Nh6 15.f5 Ng4
16.Nf4 Ne5 17.Rh3 Qb6 18.Kh1 c4 19.Qe2 Bd7 20.b4 cxb3 21.Nxb3 Rfc8 22.Nd4 Qa5
23.Qe1 Ng4 24.Bd1 Nh6 25.Bb3 Re8 26.Nc6 Bxc6 27.dxc6 Nxf5 28.Nd5 h5 29.Rd1 Rbc8
30.Qf2 Rxe4 31.Qa7 Rf8 32.c7 Ne7 33.Re3 Rxe3 34.Nxe3 Qxc3 35.h3 Nc8 36.Nd5 Qxb3
37.Qg1 Qxa2  0-1

[Event "TCh-AUT 2 East 2012-13"]
[Site "Austria AUT"]
[Date "2013.02.02"]
[Round "6.2"]
[White "Lendwai,R"]
[Black "Ganaus,H"]
[Result "1-0"]
[WhiteElo "2379"]
[BlackElo "2331"]

1.d4 Nf6 2.Bg5 d5 3.Nd2 c5 4.dxc5 Na6 5.e4 Nxc5 6.exd5 Nxd5 7.Qf3 f6 8.Bb5+ Kf7
9.O-O-O e6 10.Ne2 a6 11.Bc4 b5 12.Bxd5 Qxd5 13.Qxd5 exd5 14.Be3 Bb7 15.Nd4 h5
16.h4 Rc8 17.Kb1 Bd6 18.f3 Rhe8 19.Bf2 Nd7 20.N2b3 Ne5 21.Nf5 Bf8 22.Ne3 Red8
23.Rd4 Nc4 24.Rhd1 Nxe3 25.Bxe3 Be7 26.R4d3 Rc4 27.Na5 Ba8 28.Nxc4 bxc4 29.R3d2 Bc6
30.Bd4 Bd6 31.b3 Bf4 32.Re2 Bg3 33.Bb2 cxb3 34.cxb3 Bxh4 35.Rc2 Ba8 36.Rc7+ Kg6
37.Ra7 Bf2 38.Bd4 Bg3 39.Rxa6 Bb7 40.Ra7 Bc8 41.Re7 Bd6 42.Re2 Bf5+ 43.Kb2 h4
44.a4 Kg5 45.Bb6 Rd7 46.a5 Be5+ 47.Bd4 Kf4 48.a6 Bxd4+ 49.Rxd4+ Kg3 50.b4 h3
51.gxh3 Kxf3 52.Red2 Be4 53.b5 Ke3 54.Ka3  1-0

[Event "TCh-SWE Elite 2012-13"]
[Site "Sweden SWE"]
[Date "2013.02.02"]
[Round "5"]
[White "Fransson,Pa"]
[Black "Penalver,O"]
[Result "0-1"]
[WhiteElo "2133"]
[BlackElo "2267"]

1.d4 Nf6 2.Bg5 d5 3.e3 c6 4.Bd3 Bg4 5.Ne2 Nbd7 6.f3 Bh5 7.Nf4 Bg6 8.Nxg6 hxg6
9.f4 Ne4 10.Bxe4 dxe4 11.Nd2 f6 12.Nxe4 Qa5+ 13.c3 Qf5 14.Qf3 Qd5 15.O-O fxg5
16.fxg5 Rh4 17.g4 O-O-O 18.Rac1 e5 19.c4 Qe6 20.h3 exd4 21.exd4 Bd6 22.d5 Qe5
23.Qg2 Qd4+ 24.Kh1 Rxh3+ 25.Qxh3 Qxe4+ 26.Qf3 Rh8+ 27.Kg1 Qd4+ 28.Rf2 Ne5
29.Qf4 Bc5  0-1

[Event "ch-TUR 2013"]
[Site "Antalya TUR"]
[Date "2013.02.03"]
[Round "2.42"]
[White "Ozmen,H"]
[Black "Keser,M"]
[Result "1-0"]
[WhiteElo "2016"]
[BlackElo "1796"]

1.d4 Nf6 2.Bg5 g6 3.Bxf6 exf6 4.c4 Bg7 5.Nc3 O-O 6.e3 d6 7.g3 f5 8.Bg2 c5
9.Nge2 Nc6 10.O-O cxd4 11.exd4 a6 12.Qd2 Rb8 13.Rfd1 Na5 14.b3 b5 15.cxb5 axb5
16.Rac1 Bb7 17.Bxb7 Rxb7 18.Nd5 Qa8 19.Rc2 Rfb8 20.Rdc1 b4 21.Nef4 Qa7 22.Rc8+ Bf8
23.Nf6+ Kg7 24.N4h5+  1-0

[Event "Asian Zonal 3.2 w 2013"]
[Site "Thulhiriya City PHI"]
[Date "2013.02.05"]
[Round "4.2"]
[White "Ranasinghe,S"]
[Black "Gunaratne,Manisha Suchini"]
[Result "1/2-1/2"]
[WhiteElo "1854"]
[BlackElo "1701"]

1.d4 Nf6 2.Bg5 g6 3.Nd2 Bg7 4.e4 d6 5.Ngf3 O-O 6.c3 Nbd7 7.Qc2 Rb8 8.Bd3 c5
9.O-O b5 10.Rfe1 e5 11.Bf1 Qb6 12.dxe5 dxe5 13.h3 a6 14.Be3 Qc7 15.a4 Ne8
16.Rec1 Nd6 17.Ne1 Bb7 18.f3 Rfc8 19.Qd1 Nb6 20.axb5 axb5 21.b3 Rd8 22.Qe2 Nd7
23.Qf2 Ra8 24.Rxa8 Rc8 25.Rca1 Bxa8 26.Nd3 Bb7 27.Ra2 f5 28.exf5 Nxf5 29.Ne4 Nxe3
30.Qxe3 Qb6 31.Kh2 c4 32.Qxb6 Nxb6 33.bxc4 Bxe4 34.fxe4 Rxc4 35.Ra6 Nd7 36.Rd6 Nf8
37.Nb2 Rxc3 38.Bxb5 Bh6 39.Nd3 Bf4+ 40.Nxf4 exf4 41.Rf6 Rc5 42.Be2 g5 43.h4 Ng6
44.h5 Nf8 45.h6 Nd7 46.Rd6 Ne5 47.Bh5 Ng6 48.Bd1 Kf8 49.Rd7 Ne7 50.Bh5 Rc8
51.Kh3 Rc3+ 52.Kh2 Rc8 53.Rb7 Rd8 54.Rb5 g4 55.Bxg4 Rd6 56.Rh5 Rg6 57.Bf5 Nxf5
58.Rxf5+ Ke7 59.Rxf4 Rxh6+ 60.Kg3 Ke6 61.Rf5 Rg6+ 62.Kf3 Rh6 63.Ra5 Rf6+
64.Ke3 Rf7 65.Rh5 Rg7 66.Kf3 Rf7+ 67.Kg4 Rg7+ 68.Rg5 Rxg5+ 69.Kxg5 Ke5 70.g3 Kxe4
71.g4 Ke5 72.Kh5 Kf6 73.Kh6 Ke5 74.Kg5 Ke6 75.Kh5 Kf6 76.Kh6 Ke5 77.Kh5 Kf6
78.Kh4 Kg6 79.g5 h6  1/2-1/2

[Event "Asian Zonal 3.2 2013"]
[Site "Thulhiriya City PHI"]
[Date "2013.02.05"]
[Round "5.3"]
[White "Rahman,Zia"]
[Black "Hossain,Enam"]
[Result "1-0"]
[WhiteElo "2505"]
[BlackElo "2493"]

1.d4 Nf6 2.Bg5 d5 3.e3 e6 4.Nd2 Be7 5.Bd3 c5 6.c3 Nc6 7.f4 Qc7 8.Nh3 b6 9.O-O Bb7
10.Qe2 h6 11.Bxf6 Bxf6 12.Nf3 O-O 13.Ne5 Be7 14.Qh5 a5 15.Ng4 Bd8 16.Nxh6+ gxh6
17.Rf3 Ne7 18.Rg3+ Ng6 19.Bxg6 fxg6 20.Qxg6+  1-0

[Event "ch-TUR 2013"]
[Site "Antalya TUR"]
[Date "2013.02.06"]
[Round "7.22"]
[White "Soysal,Serkan"]
[Black "Simsek,Hakki Kaan"]
[Result "1-0"]
[WhiteElo "2025"]
[BlackElo "1763"]

1.d4 Nf6 2.Bg5 c5 3.d5 d6 4.Bxf6 gxf6 5.c4 Bf5 6.Nc3 Qb6 7.Qd2 h5 8.Nf3 Bh6
9.e3 Rg8 10.Nh4 Bh7 11.f4 Rg4 12.g3 Nd7 13.Be2 f5 14.Qc2 Nf6 15.O-O-O e6
16.Qa4+ Ke7 17.Rd2 Rgg8 18.Rhd1 Rgd8 19.Bf3 a6 20.Re1 Qb4 21.Qb3 b5 22.dxe6 bxc4
23.Qxb4 cxb4 24.Nd5+ Nxd5 25.Bxd5 fxe6 26.Bxa8 Rxa8 27.Red1 d5 28.Nf3 Bg7
29.Nd4 Rc8 30.Rc2 Bg6 31.b3 c3 32.a3 bxa3 33.Ra2 Be8 34.Rxa3 Bxd4 35.exd4 Bb5
36.Kc2 Rc6 37.Re1 Kf6 38.Re3 Ke7 39.Ra1 Kf6 40.Rxc3 Rxc3+ 41.Kxc3 Kg6 42.Kb4 h4
43.Re1 hxg3 44.hxg3 Kh5 45.Rxe6 Kg4 46.Re3 Bf1 47.Ka5 Bb5 48.Kb6 Bf1 49.Kc5 Bg2
50.Kd6 Be4 51.Ke5 Kh3 52.Rc3 Kg4 53.Rc6 Bd3 54.Rd6 Kxg3 55.Rxd5  1-0

[Event "ch-TUR 2013"]
[Site "Antalya TUR"]
[Date "2013.02.07"]
[Round "8.28"]
[White "Bulgurlu,Okan"]
[Black "Demir,G"]
[Result "0-1"]
[WhiteElo "1854"]
[BlackElo "2231"]

1.d4 Nf6 2.Bg5 d5 3.c4 Ne4 4.Bf4 e6 5.c5 b6 6.f3 Nf6 7.b4 a5 8.cxb6 Bxb4+
9.Nd2 cxb6 10.Rc1 Na6 11.e3 O-O 12.Bd3 Bb7 13.Nh3 Bd6 14.Bg5 Nb4 15.Bb1 Ba6
16.Nf1 Rc8 17.Rxc8 Qxc8 18.Bxf6 Qc3+ 19.Kf2 gxf6 20.f4 Nd3+ 21.Bxd3 Qxd3
22.Qxd3 Bxd3 23.Ng3 Rc8 24.Rd1 Rc2+ 25.Ke1 Bb4+  0-1

[Event "Moscow Open B 2013"]
[Site "Moscow RUS"]
[Date "2013.02.10"]
[Round "9.2"]
[White "Khlichkova,T"]
[Black "Tomnikova,L"]
[Result "1-0"]
[WhiteElo "2171"]
[BlackElo "2134"]

1.d4 Nf6 2.Bg5 d5 3.Nd2 e6 4.c3 c5 5.e3 Nc6 6.f4 h6 7.Bh4 Be7 8.Bd3 O-O 9.Ngf3 c4
10.Bc2 b5 11.Ne5 Bb7 12.O-O Qc7 13.Bxf6 Bxf6 14.Qh5 Be7 15.Ng4 Bd6 16.Nxh6+ gxh6
17.Rf3 f5 18.Rg3+ Kh8 19.Qxh6+ Qh7 20.Qxe6 Be7 21.Rh3 Bh4 22.g3 Rf6 23.Qxf6+ Bxf6
24.Rxh7+ Kxh7 25.Bxf5+ Kg7 26.g4 Re8 27.Kf2 Bh4+ 28.Ke2 Bd8 29.Nf3 a5 30.h4 b4
31.h5 Bc7 32.Kf2 Ne7 33.Bc2 Bc8 34.Rg1 Rh8 35.Ne5 Rh6 36.Bd1 bxc3 37.bxc3 Rb6
38.a4 Ng8 39.Bf3 Rb2+ 40.Kg3 Ne7 41.Rh1 Rc2 42.e4 Be6 43.exd5 Bxd5 44.Bxd5 Nxd5
45.h6+ Kh7 46.g5 Rxc3+ 47.Kg4 Ne3+ 48.Kh5 Nf5 49.g6+ Kg8 50.h7+ Kg7 51.Nf7  1-0

[Event "e2e4 Torquay Open"]
[Site "Torquay ENG"]
[Date "2013.02.10"]
[Round "5"]
[White "Slade,Theodore"]
[Black "Thompson,Robert"]
[Result "1/2-1/2"]
[WhiteElo "1775"]
[BlackElo "1954"]

1.d4 Nf6 2.Bg5 g6 3.Bxf6 exf6 4.c4 Bg7 5.Nc3 f5 6.e3 O-O 7.Nge2 d6 8.g3 Nd7
9.Bg2 Nf6 10.O-O Re8 11.Qd3 c6 12.b4 Qc7 13.a4 a5 14.b5 c5 15.Nf4 cxd4 16.exd4 Be6
17.Nfd5 Nxd5 18.Nxd5 Bxd5 19.Bxd5 Qb6 20.Rfd1 Re7 21.Rac1 Rc8 22.Qd2 Bf6
23.Kg2 Kg7 24.Rc2 h6 25.Qd3 Kh7 26.h4 h5 27.Rcd2 Bg7 28.Qf3  1/2-1/2

[Event "Novy Bor Open A 2013"]
[Site "Novy Bor CZE"]
[Date "2013.02.11"]
[Round "3"]
[White "Mach,Michal"]
[Black "Ochman,T"]
[Result "0-1"]
[WhiteElo "1560"]
[BlackElo "1871"]

1.d4 Nf6 2.Bg5 g6 3.Bxf6 exf6 4.e3 Bg7 5.Nf3 O-O 6.Nbd2 d5 7.c4 c6 8.Rc1 b6
9.cxd5 cxd5 10.Bd3 Ba6 11.Bxa6 Nxa6 12.Qa4 Nc7 13.O-O Ne6 14.Rc3 f5 15.Rfc1 f4
16.Nf1 fxe3 17.fxe3 Re8 18.Qc2 Bh6 19.Ne5 Nxd4 20.Nxf7 Nxc2 21.Nxd8 Raxd8
22.R1xc2 Re7 23.Rc8 Rxc8 24.Rxc8+ Kf7 25.Kf2 Ke6 26.Ke2 Kd7 27.Rc3 Kd6 28.Kd3 Bg7
29.Rc2 Rf7 30.Nd2 Rc7 31.b3 Bh6 32.Nf1 Rf7 33.Nd2 Bg5 34.h3 Rf2 35.Kc3 Bxe3
36.Ne4+ dxe4  0-1

[Event "ch-ROU 2013"]
[Site "Baile Olanesti ROU"]
[Date "2013.02.16"]
[Round "1.41"]
[White "Teodorescu,D2"]
[Black "Veneteanu,I"]
[Result "0-1"]
[WhiteElo "1716"]
[BlackElo "2152"]

1.d4 Nf6 2.Bg5 c5 3.Bxf6 gxf6 4.c3 Qb6 5.Qd2 e6 6.e3 d5 7.Nf3 Nc6 8.Qc2 e5
9.dxc5 Bxc5 10.Nbd2 Bg4 11.b4 Be7 12.a4 Rc8 13.Bb5 a6 14.Bxc6+ Qxc6 15.b5 Qxc3
16.Qxc3 Rxc3 17.O-O a5 18.Rfc1 Rxc1+ 19.Rxc1 Kd7 20.h3 Be6 21.e4 Rc8 22.Rd1 d4
23.Ra1 Bb4 24.Kh2 Rc2 25.Nf1 Bc3 26.Rd1 Rxf2 27.Ne3 Ke7 28.Nd5+ Bxd5 29.exd5 Kd6
30.Kg3 Ra2  0-1

[Event "TCh-CZE Extraliga 2012-13"]
[Site "Czech Republic CZE"]
[Date "2013.02.16"]
[Round "5.2"]
[White "Laznicka,V"]
[Black "Bobras,P"]
[Result "1-0"]
[WhiteElo "2674"]
[BlackElo "2554"]

1.d4 Nf6 2.Bg5 d5 3.e3 c6 4.Nf3 Bg4 5.Bxf6 exf6 6.c4 Bxf3 7.Qxf3 Bb4+ 8.Nd2 Bxd2+
9.Kxd2 Qb6 10.Kc2 Na6 11.Rc1 O-O 12.Kb1 dxc4 13.Bxc4 Rad8 14.g4 Nb4 15.h4 Rd6
16.g5 Qd8 17.Rcg1 Kh8 18.a3 Nd5 19.Bb3 Qe7 20.e4 Nc7 21.Qe3 Qd7 22.gxf6 Rxf6
23.h5 Ne6 24.Rd1 h6 25.f4 Nxf4 26.e5 Rf5 27.Bc2 Nd5 28.Qh3  1-0

[Event "Aeroflot Open Rapid Final"]
[Site "Moscow RUS"]
[Date "2013.02.16"]
[Round "1.2"]
[White "Shimanov,A"]
[Black "Grischuk,A"]
[Result "0-1"]
[WhiteElo "2640"]
[BlackElo "2764"]

1.d4 Nf6 2.Bg5 d5 3.Nd2 c6 4.e3 g6 5.Bxf6 exf6 6.c4 dxc4 7.Bxc4 Bd6 8.Ngf3 Nd7
9.O-O O-O 10.a3 f5 11.Ba2 Qe7 12.Nc4 Bc7 13.Rc1 Kg7 14.Re1 Nf6 15.Nce5 Bd6
16.Nd3 Ne4 17.Nfe5 h5 18.f3 Nf6 19.e4 fxe4 20.fxe4 Bc7 21.h3 Bb6 22.Nc5 Bxc5
23.Rxc5 Be6 24.Bb1 Rad8 25.Rc1 Qd6 26.Nf3 Qg3 27.Kh1 Ng4 28.hxg4 hxg4 29.Ne5 Qf2  0-1

[Event "US Amateur Team East 2013"]
[Site "Parsippany USA"]
[Date "2013.02.16"]
[Round "1"]
[White "Guevara,R"]
[Black "Zhou,Kevin L"]
[Result "1-0"]
[WhiteElo "2056"]
[BlackElo "1957"]

1.d4 Nf6 2.Bg5 c5 3.d5 h6 4.Bxf6 exf6 5.e3 d6 6.Nf3 Be7 7.Be2 Qb6 8.Qc1 Bf5
9.Nc3 Nd7 10.O-O a6 11.a4 O-O 12.a5 Qc7 13.Nd2 Rfe8 14.e4 Bh7 15.f4 f5 16.exf5 Bxf5
17.Nc4 Bf6 18.Qd2 Bd4+ 19.Kh1 b5 20.axb6 Nxb6 21.Nxb6 Qxb6 22.Ra2 Re7 23.Bd3 Bd7
24.Nd1 Bb5 25.c3 c4 26.Bc2 Be3 27.Nxe3 Rxe3 28.Raa1 Rae8 29.Rae1 Kf8 30.h3 Bd7
31.Rxe3 Qxe3 32.Qxe3 Rxe3 33.Rf2 g6 34.Rd2 f5 35.Kg1 Re1+ 36.Kf2 Ra1 37.Ke3 Re1+
38.Re2 Rxe2+ 39.Kxe2 Bb5 40.Ke3 Ke7 41.Kd4 Kf6 42.Bd1 g5 43.g3 Ke7 44.Be2 gxf4
45.gxf4 Kf6 46.Bxc4 Kg6 47.Bxb5 axb5 48.c4 b4 49.c5 dxc5+ 50.Kxc5 Kh5 51.d6 Kh4
52.d7 Kxh3 53.d8=Q Kg4 54.Qd2 h5  1-0

[Event "TCh-FRA w TOP 12 2013"]
[Site "Archamps FRA"]
[Date "2013.02.17"]
[Round "4.2"]
[White "Roumegous,M"]
[Black "Collas,S"]
[Result "1/2-1/2"]
[WhiteElo "2139"]
[BlackElo "2286"]

1.d4 Nf6 2.Bg5 c5 3.d5 Ne4 4.Bc1 e6 5.c4 b5 6.Nd2 Nxd2 7.Qxd2 bxc4 8.e4 Ba6
9.Nf3 Bd6 10.Be2 O-O 11.O-O c3 12.bxc3 Bxe2 13.Qxe2 exd5 14.exd5 Qf6 15.Qd3 a5
16.Be3 Na6 17.Nd2 Rfe8 18.Nc4 a4 19.Rab1 Rab8 20.g3 Bf8 21.Bf4 d6 22.Nb6 c4
23.Qxc4 Nc5 24.Be3 Qg6 25.Bxc5 dxc5 26.Qb5 h5 27.Qc6 Qd3 28.Rbd1 Qf3 29.Nc4 h4
30.Nd2 Qxc3 31.Qxa4 Re2 32.Qc4 Qxc4 33.Nxc4 Rc2 34.Ne3 Rxa2 35.d6 Ra6 36.Nc4 Rd8
37.Rd5 Rc6 38.Kg2 f6 39.f4 hxg3 40.hxg3 Kf7 41.Rfd1 Ke6 42.f5+ Kd7 43.Kf3 Ra8
44.Rb1 Rca6 45.Rxc5 Bxd6 46.Rb7+ Ke8 47.Nxd6+ Rxd6 48.Rxg7 Kf8 49.Rcc7 Ra5
50.Kf4 Rd4+ 51.Ke3 Rb4 52.Rcf7+ Ke8 53.Ra7 Rb3+ 54.Kd4 Rxa7 55.Rxa7 Rxg3
56.Ke4 Rg1 57.Kf4  1/2-1/2

[Event "Reykjavik Open 2013"]
[Site "Reykjavik ISL"]
[Date "2013.02.19"]
[Round "1.99"]
[White "Steinthorsson,Felix"]
[Black "Ornolfsson,M"]
[Result "0-1"]
[WhiteElo "1449"]
[BlackElo "2169"]

1.d4 Nf6 2.Bg5 d5 3.e3 e6 4.Nd2 Be7 5.Bd3 Nbd7 6.f4 c5 7.c3 Qb6 8.Rb1 h6
9.Bh4 cxd4 10.cxd4 Qa5 11.a3 g5 12.fxg5 Ne4 13.Bxe4 dxe4 14.Qg4 hxg5 15.Bg3 f5
16.Qd1 Nf6 17.Be5 Rh7 18.Bxf6 Bxf6 19.Ne2 Bd7 20.Qb3 O-O-O 21.Rc1+ Kb8 22.Qc3 Qxc3
23.bxc3 Rdh8 24.h3 g4 25.Ng1 e5 26.Kf2 exd4 27.cxd4 Bg5 28.Rc3 Bc6 29.g3 f4
30.gxf4 Bxf4 31.Rxc6 Bxe3+ 32.Kxe3 bxc6 33.Nxe4 gxh3 34.Ng5 Rg7 35.N1f3 h2
36.Ne4 Rb7 37.Ned2 Re7+ 38.Ne4 Rb7 39.Ned2 Rb2 40.Rxh2 Rxh2 41.Nxh2 Ra2 42.Nhf3 Rxa3+
43.Ke2 Kb7 44.Ne4 Ra1 45.Nc5+ Kb6 46.Nd2 Rh1 47.Ndb3 a5 48.Kd3 Kb5 49.Kc3 a4
50.Nd2 Rh3+ 51.Kc2 a3 52.Ncb3 Kb4 53.Nc1 Rc3+ 54.Kb1 Ka4 55.Ne4 Rh3 56.Nd2 Rh4
57.Ndb3 Rh2 58.Na1 Rb2+  0-1

[Event "Reykjavik Open 2013"]
[Site "Reykjavik ISL"]
[Date "2013.02.20"]
[Round "2.17"]
[White "Cubas Pons,Ju"]
[Black "Dziuba,M"]
[Result "0-1"]
[WhiteElo "2284"]
[BlackElo "2602"]

1.d4 Nf6 2.Bg5 d5 3.Bxf6 gxf6 4.e3 c5 5.Nc3 cxd4 6.Qxd4 e6 7.Nf3 Nc6 8.Bb5 Bd7
9.Bxc6 bxc6 10.O-O c5 11.Qf4 Be7 12.Qh6 Bf8 13.Qh5 Bc6 14.Rad1 Qc7 15.Rfe1 O-O-O
16.Ne2 Bd6 17.Ng3 f5 18.c3 Kb8 19.b4 Ka8 20.bxc5 Bxc5 21.Nd4 Bb7 22.Rb1 Ba6
23.Qd1 Qd7 24.a4 Bc4 25.Qc2 h5 26.Nf1 Rhg8 27.Nd2 Ba6 28.N4f3 Bd6 29.Nd4 Rc8
30.N2f3 Rcd8 31.Nb5 Bb8 32.Qe2 Bb7 33.Rb4 e5 34.Reb1 Bc6 35.Ne1 Rg6 36.Qxh5 Rdg8
37.g3 d4 38.cxd4 f4 39.dxe5 fxe3 40.Nd4 exf2+ 41.Kxf2 Bd5 42.Nd3 Rb6 43.Qf5 Qe7
44.Rxb6 axb6 45.Rb5 Bb7 46.Nb4 Qd8 47.Ke3 Qc7 48.Qc2 Qd7 49.Nbc6 Rc8 50.Nxb8 Kxb8
51.Qb3 Qg4 52.Qb4 Qe4+ 53.Kd2 Rd8 54.Kc3 Qe3+ 55.Kb2 Rxd4 56.Qf8+ Ka7 57.Ra5+ bxa5
58.Qc5+ Kb8 59.Qf8+ Bc8  0-1

[Event "ch-ROU 2013"]
[Site "Baile Olanesti ROU"]
[Date "2013.02.21"]
[Round "8.32"]
[White "Covaci,S"]
[Black "Telea,S"]
[Result "1/2-1/2"]
[WhiteElo "1845"]
[BlackElo "2118"]

1.d4 Nf6 2.Bg5 d5 3.e3 Nbd7 4.Nf3 Ne4 5.Bf4 c5 6.c3 Qb6 7.Qb3 c4 8.Qc2 e6
9.Nfd2 f5 10.Nxe4 fxe4 11.Nd2 Bd6 12.Bxd6 Qxd6 13.Be2 O-O 14.O-O e5 15.Nxc4 dxc4
16.Bxc4+ Kh8 17.Qxe4 exd4 18.Rad1 Nc5 19.Qxd4 Qxd4 20.cxd4 Be6 21.b3 Bxc4
22.bxc4 Ne4 23.f3 Nc3 24.Rd2 b5 25.cxb5 Nxb5 26.Rc1 Rfc8 27.Rdc2 Rxc2 28.Rxc2 Kg8
29.Kf2 Kf7 30.d5 Nd6 31.e4 a5 32.Ke3 a4 33.Rc7+ Kf8 34.Kf4 a3 35.Ke5 Nb5
36.Rb7 Nc3 37.Ke6 Nxa2 38.Rf7+ Kg8 39.d6 Re8+ 40.Re7 Kf8 41.Kd7 Ra8 42.Ke6 Nb4
43.Rf7+ Kg8 44.Rc7 Kf8 45.Rf7+ Kg8 46.Rc7 Kf8 47.Rf7+  1/2-1/2

[Event "3rd Petropolis Open"]
[Site "Petropolis BRA"]
[Date "2013.02.22"]
[Round "2.3"]
[White "Stamenkovic,Dr"]
[Black "Hille,Waltercler"]
[Result "1-0"]
[WhiteElo "2373"]
[BlackElo "1923"]

1.d4 Nf6 2.Bg5 d5 3.Nf3 g6 4.Bxf6 exf6 5.e3 Bg7 6.c4 O-O 7.Nc3 dxc4 8.Bxc4 c5
9.O-O cxd4 10.Nxd4 Qc7 11.Qe2 Nc6 12.Nxc6 Qxc6 13.Nd5 Qd6 14.Rfd1 Kh8 15.Bb3 f5
16.Rac1 Qe5 17.Rc2 Be6 18.f4 Qe4 19.Rc4 Qxd5 20.Rxd5 Bxd5 21.Rc7 Bc6 22.Qc4 Bxb2
23.Rxf7 Rfe8 24.Rc7 Rf8 25.Ba4 Be4 26.h3 Rad8 27.Bd7 a6 28.g4 b5 29.Qe6 Bg7
30.h4 Bd3 31.Qe7 Bf6 32.Qd6 Bc4 33.g5 Bg7 34.Qe7 Rg8 35.h5 gxh5 36.a3 Rdf8
37.Qd6 Rf7 38.Kf2 Bf8 39.Qd4+ Bg7 40.Qa7 Rd8 41.Qxa6 Bd3 42.a4 Be4 43.Qxb5 h4
44.a5 Bf8 45.Qb2+ Bg7 46.Qb6 Bf8 47.Qe6  1-0

[Event "Zuerich Chess Challenge Blitz"]
[Site "Zuerich SUI"]
[Date "2013.02.22"]
[Round "4.1"]
[White "Gelfand,B"]
[Black "Kramnik,V"]
[Result "1/2-1/2"]
[WhiteElo "2740"]
[BlackElo "2810"]

1.d4 Nf6 2.Bg5 g6 3.Bxf6 exf6 4.e3 f5 5.g3 d5 6.Bg2 c6 7.Ne2 Bd6 8.Nd2 Be6
9.Qc1 Nd7 10.c4 dxc4 11.Nxc4 Bb4+ 12.Nd2 Nf6 13.O-O O-O 14.Nf4 Bd5 15.Nc4 Bxg2
16.Kxg2 Re8 17.Qc2 Bd6 18.Nd3 Bc7 19.Nd2 Qd5+ 20.Kg1 Ne4 21.Nxe4 fxe4 22.Nc5 b6
23.Na4 Rac8 24.Rfc1 Bd6 25.Nc3 Qf5 26.f4 c5 27.Nb5 Bb8 28.Qa4 Red8 29.dxc5 Rxc5
30.Nd4 Qg4 31.Qd1 Qd7 32.Qe2 Bd6 33.Nb3 Rd5 34.Qc4 Be7 35.Kg2 Bf6 36.Rc2 Qe6
37.Rf2 h5 38.h3 Rd3 39.Qxe6 fxe6 40.Re1 a5 41.Ree2 a4 42.Nd2 Bxb2 43.Nc4 Bc1
44.Rf1 Rd1 45.Nxb6 a3 46.Rxd1 Rxd1 47.Na4 e5 48.Nc3 Rd3 49.Nxe4 exf4 50.exf4 Bb2
51.Rd2 Re3 52.Nc5 Kf7 53.Nb3 Rxb3 54.axb3 a2 55.Rd1 a1=Q 56.Rxa1 Bxa1 57.Kf3 Bc3
58.Ke4 Ke6 59.g4 hxg4 60.hxg4 Kd6 61.Kd3 Ba5 62.Ke4 Bb4 63.Kd4 Bd2 64.Ke4 Bc3
65.Kd3 Bb4 66.Ke4 Bd2 67.f5 g5 68.Kd4  1/2-1/2

[Event "Reykjavik Open 2013"]
[Site "Reykjavik ISL"]
[Date "2013.02.23"]
[Round "6.99"]
[White "Steinthorsson,Felix"]
[Black "Mehringer,Joerg"]
[Result "0-1"]
[WhiteElo "1449"]
[BlackElo "1908"]

1.d4 Nf6 2.Bg5 g6 3.Nd2 Bg7 4.e3 O-O 5.Bd3 d6 6.f4 c5 7.c3 cxd4 8.exd4 Bg4
9.Be2 Bxe2 10.Qxe2 Nbd7 11.Ngf3 Re8 12.O-O Rc8 13.Rac1 Qb6 14.Rc2 Nd5 15.Ne1 e5
16.Qd3 exd4 17.Kh1 Ne3 18.Nef3 Nxc2 19.Qxc2 dxc3 20.bxc3 Rxc3 21.Qd1 Nc5
22.Bh4 Nd3  0-1

[Event "29th Open"]
[Site "Cappelle la Grande FRA"]
[Date "2013.02.24"]
[Round "2.48"]
[White "Wirig,A"]
[Black "Migot,T"]
[Result "1/2-1/2"]
[WhiteElo "2490"]
[BlackElo "2284"]

1.d4 Nf6 2.Bg5 d5 3.e3 c6 4.Bd3 Nbd7 5.Nf3 Qb6 6.Qc1 g6 7.O-O Bg7 8.Nbd2 O-O
9.c4 e5 10.cxd5 cxd5 11.dxe5 Ng4 12.Be2 Ngxe5 13.Nxe5 Nxe5 14.Be7 Re8 15.Bc5 Qd8
16.Bd4 Bf5 17.Qd1 Nc6 18.Bxg7 Kxg7 19.Nf3 Qf6 20.Qxd5 Qxb2 21.Qb5 Qb4 22.a3 Qe7
23.Qb2+ Kg8 24.Rfd1  1/2-1/2

[Event "TCh-CZE Div1 Vychod 2012-13"]
[Site "Czech Republic CZE"]
[Date "2013.02.24"]
[Round "8.5"]
[White "Silar,Lu"]
[Black "Kolasin,J"]
[Result "0-1"]
[WhiteElo "2161"]
[BlackElo "2001"]

1.d4 Nf6 2.Bg5 g6 3.Bxf6 exf6 4.Nf3 Bg7 5.e3 O-O 6.Bd3 f5 7.Nbd2 d5 8.h4 Re8
9.g3 c5 10.c3 b6 11.O-O Nc6 12.Bb5 Bd7 13.Kg2 a6 14.Bd3 Qf6 15.Rh1 Re7 16.Qf1 f4
17.gxf4 Bf5 18.a3 Be4 19.Bxe4 dxe4 20.Ne5 Nxe5 21.dxe5 Qf5 22.f3 exf3+ 23.Qxf3 Rd8
24.Ne4 Red7 25.Nd6 Qe6 26.h5 f6 27.hxg6 fxe5 28.gxh7+ Kh8 29.Ne4 exf4 30.exf4 Rd3
31.Qe2 Rd2 32.Qxd2 Qxe4+  0-1

[Event "33rd TCh-IND 2013"]
[Site "Hyderabad IND"]
[Date "2013.02.25"]
[Round "7.3"]
[White "Sriram,J"]
[Black "Pradeep,KR"]
[Result "1/2-1/2"]
[WhiteElo "2426"]
[BlackElo "2253"]

1.d4 Nf6 2.Bg5 d5 3.Bxf6 exf6 4.e3 Bd6 5.g3 Be6 6.Bg2 c6 7.Ne2 Nd7 8.Nd2 Qe7
9.b3 Nb6 10.a4 a5 11.O-O O-O 12.Nf4  1/2-1/2